ARRUPE JESUIT UNIVERSITY

CORONAVIRUS -STOP THE SPREAD - CLEAN,DISINFECT,COVER

My father's places : (Record no. 130322)

MARC details
000 -LEADER
fixed length control field 01406cam a22003857a 4500
001 - CONTROL NUMBER
control field 16070758
003 - CONTROL NUMBER IDENTIFIER
control field ARRUPE
005 - DATE AND TIME OF LATEST TRANSACTION
control field 20200207102239.0
008 - FIXED-LENGTH DATA ELEMENTS--GENERAL INFORMATION
fixed length control field 100127s2009 enkac 000 0aeng
010 ## - LIBRARY OF CONGRESS CONTROL NUMBER
LC control number 2009482686
015 ## - NATIONAL BIBLIOGRAPHY NUMBER
National bibliography number GBA960148
Source bnb
016 7# - NATIONAL BIBLIOGRAPHIC AGENCY CONTROL NUMBER
Record control number 015292447
Source Uk
020 ## - INTERNATIONAL STANDARD BOOK NUMBER
International Standard Book Number 9781849010054 (hbk.)
020 ## - INTERNATIONAL STANDARD BOOK NUMBER
International Standard Book Number 1849010056 (hbk.)
035 ## - SYSTEM CONTROL NUMBER
System control number (OCoLC)ocn403473553
040 ## - CATALOGING SOURCE
Original cataloging agency UKM
Transcribing agency UKM
Modifying agency BWKUK
-- BWK
-- CDX
-- YDXCP
-- DLC
042 ## - AUTHENTICATION CODE
Authentication code ukscp
-- lccopycat
050 00 - LIBRARY OF CONGRESS CALL NUMBER
Classification number PR6070.H6576
Item number Z46 2009
082 04 - DEWEY DECIMAL CLASSIFICATION NUMBER
Classification number 821.914
Edition number 22
300 ## - PHYSICAL DESCRIPTION
Other physical details ill., ports. ;
Dimensions 23 cm.
100 1# - MAIN ENTRY--PERSONAL NAME
Personal name Thomas-Ellis, Aeronwy.
9 (RLIN) 49426
245 10 - TITLE STATEMENT
Title My father's places :
Remainder of title a portrait of childhood by Dylan Thomas' daughter /
Statement of responsibility, etc Aeronwy Thomas.
260 ## - PUBLICATION, DISTRIBUTION, ETC. (IMPRINT)
Place of publication, distribution, etc London :
Name of publisher, distributor, etc Constable,
Date of publication, distribution, etc 2009.
300 ## - PHYSICAL DESCRIPTION
Extent 218 p. :
600 10 - SUBJECT ADDED ENTRY--PERSONAL NAME
Personal name Thomas-Ellis, Aeronwy.
9 (RLIN) 49426
600 10 - SUBJECT ADDED ENTRY--PERSONAL NAME
Personal name Thomas-Ellis, Aeronwy
General subdivision Family.
9 (RLIN) 49427
600 10 - SUBJECT ADDED ENTRY--PERSONAL NAME
Personal name Thomas, Dylan,
Dates associated with a name 1914-1953.
9 (RLIN) 49428
600 10 - SUBJECT ADDED ENTRY--PERSONAL NAME
Personal name Thomas, Caitlin.
9 (RLIN) 49429
600 10 - SUBJECT ADDED ENTRY--PERSONAL NAME
Personal name Thomas, Dylan,
Dates associated with a name 1914-1953
General subdivision Homes and haunts
Geographic subdivision Wales
-- Laugharne.
9 (RLIN) 49430
650 #0 - SUBJECT ADDED ENTRY--TOPICAL TERM
Topical term or geographic name as entry element Women poets, Welsh
Form subdivision Biography.
9 (RLIN) 49431
650 #0 - SUBJECT ADDED ENTRY--TOPICAL TERM
Topical term or geographic name as entry element Poets, Welsh
Form subdivision Biography.
9 (RLIN) 49432
651 #0 - SUBJECT ADDED ENTRY--GEOGRAPHIC NAME
Geographic name Laugharne (Wales)
General subdivision Social life and customs.
9 (RLIN) 49433
906 ## - LOCAL DATA ELEMENT F, LDF (RLIN)
a 7
b cbc
c copycat
d 2
e ncip
f 20
g y-gencatlg
942 ## - ADDED ENTRY ELEMENTS (KOHA)
Source of classification or shelving scheme Library of Congress Classification
Koha item type Monograph ( Printed materials)
Holdings
Withdrawn status Lost status Source of classification or shelving scheme Damaged status Not for loan Collection code Home library Current library Shelving location Date acquired Total Checkouts Full call number Barcode Date last seen Price effective from Koha item type
    Library of Congress Classification     Main Collection ARRUPE LIBRARY ARRUPE LIBRARY Main Collection 07/02/2020   PR6070.H6576 Z46 2009 46600006465 07/02/2020 07/02/2020 Monograph ( Printed materials)

 

Arrupe Library. PO Box MP320 Mt Pleasant, Harare, Zimbabwe
263 242 745411|librarian@aju.ac.zw